| 000 | 00472nam a2200145 i 4500 | ||
|---|---|---|---|
| 001 | 62461 | ||
| 003 | ES-MaACL | ||
| 005 | 20230906164655.0 | ||
| 007 | t| | ||
| 008 | 031121s1908 sp ||||1| spa d | ||
| 100 | 1 |
_aFernández y Echevarría, Enrique. _950175 |
|
| 245 | 1 | 0 |
_aDiscurso leído en la solemne apertura del curso de 1908 a 1909 _b: [tema: El metro] / _cpor Enrique Fernández y Echevarría. |
| 260 |
_aOviedo : _b[s.n.], _c1908. |
||
| 852 |
_aES-MaACL _jT-1182-F-2 |
||
| 999 |
_c62461 _d62461 |
||